University Home | Library Home | Institutional Repository

SME mining engineering handbook. (Record no. 170786)

MARC details
000 -LEADER
fixed length control field 00589cam6a220021700 4500
001 - CONTROL NUMBER
control field zam00003159
008 - FIXED-LENGTH DATA ELEMENTS--GENERAL INFORMATION
fixed length control field 951128s1973 xx eng u
035 ## - SYSTEM CONTROL NUMBER
System control number (Sirsi) r20493
035 ## - SYSTEM CONTROL NUMBER
System control number (MACHINE)SLC.
100 ## - MAIN ENTRY--PERSONAL NAME
Personal name Given, I. A.
Linkage A81874.1
245 10 - TITLE STATEMENT
Title SME mining engineering handbook.
260 ## - PUBLICATION, DISTRIBUTION, ETC.
Date of publication, distribution, etc. 1973.
591 ## -
-- Class code: GG 310.
591 ## -
-- Course: Mineralogy and petrography.
591 ## -
-- School: S08.
591 ## -
-- Lecturer: Dr. AHMED, A.
591 ## -
-- Number of Students: 8.
949 ## - LOCAL PROCESSING INFORMATION (OCLC)
a TN151
w lcc
m MAIN
t BOOK
l ON-SHELF
909 ## -
-- Book

No items available.

© 2026 - The University of Zambia Library - Koha v25.11